Statystyki dla Uczestnicy MŚ w snookerze 2019

Kliknij tutaj aby rozwiązać quiz!

Ogólne statystyki

  • Ten quiz został rozwiązany 18 razy
  • Średni wynik to 20 z 32

Statystyki odpowiedzi

KrajOdpowiedźRunda% Poprawnych
SzkocjaJohn HigginsFinał
100%
AngliaJudd TrumpFinał
100%
WaliaMark Williams1/16
100%
AustraliaNeil RobertsonĆwierćfinał
100%
AngliaRonnie O'Sullivan1/32
100%
ChinyDing Junhui1/16
93%
AngliaGary WilsonPółfinał
86%
AngliaKyren WilsonĆwierćfinał
86%
Irlandia płnMark Allen1/32
86%
AngliaMark Selby1/16
86%
AngliaStephen MaguireĆwierćfinał
86%
BelgiaLuca Brecel1/32
79%
AngliaShaun Murphy1/16
79%
TajlandiaThepchaiya Un-Nooh1/32
79%
AngliaBarry Hawkins1/16
71%
AngliaJack Lisowski1/32
71%
AngliaAlister CarterĆwierćfinał
64%
SzkocjaAnthony McGill1/32
64%
AngliaDavid GilbertPółfinał
64%
CyprMichael Georgiou1/32
64%
AngliaStuart Bingham1/16
50%
SzkocjaGreame Dott1/32
43%
ChinyZhao Xintong1/32
43%
AngliaMartin Gould1/32
36%
SzkocjaScott Donaldson1/32
36%
AngliaJames Cahill1/16
21%
ChinyTian Pengfei1/32
21%
AngliaJoe Perry1/32
14%
ChinyLi Hang1/32
14%
AngliaMark Davis1/32
14%
ChinyZhou Yuelong1/16
14%
ChinyLuo Honghao1/32
7%

Rozkład punktacji

Percentyl według liczby udzielonych odpowiedzi

Procent ludzi z każdym wynikiem

Twoja historia wyników

Nie rozwiązałeś tego quizu